000 00675nam a2200193Ii 4500
003 JO-AjNU
008 230605s9999||||xx |||||||||||||| ||und||
040 _aJO-AjNU
_bara
_erda
_cJO-AjNU
041 _aara
050 1 4 _aBP135.A2 N37 1999
100 3 _aإعداد ناصيف، إميل,
_eauthor
_911126
245 0 0 _aمن أروع ما قال الرسول صلى الله عليه وسلم
264 3 1 _aبيروت: دار الجيل ، 1999
300 _a207ص
336 _atext
_btxt
_2rdacontent
337 _aunmediated
_bn
_2rdamedia
338 _avolume
_bnc
_2rdacarrier
650 4 _aالاسلام - اقوال الرسول صلى الله عليه وسلم
_911127
999 _aA2162
_c5730
_d5730